[Event "Norway Chess 2024"]
[Site "Stavanger, Norway"]
[Date "2024.05.30"]
[Round "7.3"]
[White "Firouzja, Alireza"]
[Black "Ding, Liren"]
[Result "1-0"]
[WhiteElo "2737"]
[BlackElo "2762"]
[Annotator "Stockfish 16.1 - Chessbase"]
[PlyCount "67"]
[GameId "2053142232213724"]
[EventDate "2024.??.??"]

1. d4 {[%eval 14,0]} Nf6 {[%eval 17,0]} 2. Bf4 {[%eval 5,0]} d5 {[%eval 12,0]} 3. e3 {[%eval 7,0]} c5 {[%eval 16,0]} 4. Nf3 {[%eval 0,0]} Nc6 {[%eval 15,0]} 5. Nbd2 {[%eval 13,0]} Bg4 {[%eval 16,0]} 6. c3 {[%eval 7,0]} e6 {[%eval 16,0]} 7. Qb3 {[%eval 8,0]} Qc8 {[%eval 14,0]} 8. h3 {[%eval 18,0]} Bh5 {[%eval 17,0]} 9. Be2 {[%eval 1,0]} Be7 {[%eval 2,0]} 10. g4 {[%eval 14,0]} Bg6 {[%eval 18,0]} 11. Nh4 {[%eval 23,0]} Be4 {[%eval 2,0]} 12. f3 {[%eval 9,0]} Nh5 $146 {[%eval 46,0]} ({RR} 12... Bg6 13. Nxg6 hxg6 14. h4 a6 15. O-O-O cxd4 16. exd4 Nxd4 17. Qa4+ Nc6 18. Kb1 b5 19. Qc2 Qb7 20. Nf1 Rc8 21. Ng3 Nd7 22. g5 Nde5 23. h5 gxh5 24. Nxh5 Kd7 25. Nxg7 Rxh1 26. Rxh1 b4 27. c4 {1-0 Ilamparthi,A (2426)-Kramnik,V (2753) Titled Tue 2nd Jan Early chess.com INT 2024 (10)}) 13. gxh5 {[%eval 38,0]} c4 {[%eval 51,0]} 14. Qa4 {[%eval 54,0]} Bxh4+ {[%eval 3,0]} 15. Kd1 {[%eval 34,0]} Bd3 {[%eval 54,0]} 16. Bxd3 {[%eval 67,0]} cxd3 {[%eval 67,0]} 17. Qb5 {[%eval 56,0]} O-O {[%eval 52,0]} 18. Qxd3 {[%eval 64,0]} f6 {[%eval 98,0]} 19. Rg1 {[%eval 85,0]} e5 $6 {[%eval 157,0] Inaccuracy. Kh8 was best.} (19... Kh8) 20. dxe5 {[%eval 161,0]} fxe5 {[%eval 146,0]} 21. Bh6 {[%eval 155,0]} Rf7 {[%eval 106,0]} 22. Qxd5 {[%eval 168,0]} Kf8 {[%eval 159,0]} 23. Qe4 {[%eval 152,0]} Qxh3 $4 {[%eval 417,0] Blunder. Bf6 was best.} (23... Bf6 24. Bg5 Bxg5 25. Rxg5 Qxh3 26. Kc2 h6 27. Qg4 Qh2 28. Qg2 Qxg2 29. Rxg2) 24. Qxh7 {[%eval 413,0]} Rd8 {[%eval 457,0]} 25. Rxg7 {[%eval 436,0]} Rxg7 {[%eval 412,0]} 26. Qxg7+ {[%eval 347,0]} Ke8 {[%eval 305,0]} 27. Qg6+ {[%eval 369,0]} Ke7 {[%eval 347,0]} 28. Bg5+ {[%eval 354,0]} Bxg5 {[%eval 348,0]} 29. Qxg5+ {[%eval 337,0]} Kf7 $6 {[%eval 447,0] Inaccuracy. Kd6 was best.} (29... Kd6 30. Kc2 Kc7 31. Rd1 Rd7 32. Qg6 Qh2 33. Kc1 Qe2 34. Qg1 e4 35. Qg5) 30. Qg6+ {[%eval 444,0]} Ke7 {[%eval 444,0]} 31. Kc2 {[%eval 444,0]} Qh2 {[%eval 444,0]} 32. Rd1 {[%eval 437,0]} Qe2 {[%eval 466,0]} 33. Qh7+ {[%eval 448,0]} Ke6 {[%eval 501,0]} 34. Qe4 {[%eval 405,0]} 1-0

[Event "Norway Chess 2024"]
[Site "Stavanger, Norway"]
[Date "2024.06.01"]
[Round "9.1"]
[White "Carlsen, Magnus"]
[Black "Firouzja, Alireza"]
[Result "1-0"]
[WhiteElo "2830"]
[BlackElo "2737"]
[Annotator "Stockfish 16.1 - Chessbase"]
[PlyCount "163"]
[GameId "2053142232217821"]
[EventDate "2024.??.??"]

1. e4 {[%eval 15,0]} e5 {[%eval 17,0]} 2. Nf3 {[%eval 19,0]} Nc6 {[%eval 19,0]} 3. Bb5 {[%eval 16,0]} Nf6 {[%eval 19,0]} 4. O-O {[%eval 16,0]} Nxe4 {[%eval 21,0]} 5. Re1 {[%eval 27,0]} Nd6 {[%eval 15,0]} 6. Nxe5 {[%eval 27,0]} Be7 {[%eval 21,0]} 7. Bf1 {[%eval 23,0]} Nxe5 {[%eval 15,0]} 8. Rxe5 {[%eval 21,0]} O-O {[%eval 22,0]} 9. d4 {[%eval 19,0]} Bf6 {[%eval 19,0]} 10. Re1 {[%eval 15,0]} Re8 {[%eval 18,0]} 11. c3 {[%eval 21,0]} ({RR} 11. Rxe8+ Nxe8 12. c3 d5 13. Bd3 c6 14. Bf4 g6 15. Nd2 Ng7 16. Nf3 Bf5 17. Bh6 Bxd3 18. Qxd3 Nf5 19. Bf4 Qb6 20. Qd2 Re8 21. Be5 Qd8 22. Re1 Nh4 23. Nxh4 Bxh4 24. g3 Bg5 25. Bf4 Rxe1+ {½-½ Caruana,F (2805)-So,W (2757) Chess.com Classic Play-In chess.com INT 2024 (8.2)}) 11... Rxe1 {[%eval 19,0]} 12. Qxe1 {[%eval 24,0]} Ne8 {[%eval 23,0]} 13. d5 {[%eval 16,0]} ({RR} 13. Bf4 d5 14. a4 a5 15. Nd2 Bf5 16. Qe3 Nd6 17. Bd3 Bxd3 18. Qxd3 Bg5 19. Bxd6 Qxd6 20. Nf3 Bf6 21. Qb5 b6 22. Re1 g6 23. g3 Rd8 24. Ne5 Bxe5 25. Rxe5 Qd7 26. Qe2 Qxa4 27. Re7 c5 {½-½ Martinez Alcantara,J (2610)-Firouzja,A (2760) Chessable Masters Div 1 L chess.com INT 2024 (2.1)}) 13... Qe7 $146 {[%eval 15,0]} ({RR} 13... d6 14. Bd3 g6 15. Nd2 Bg7 16. Ne4 Bf5 17. Bg5 Qd7 18. Qd2 Bxe4 19. Bxe4 Nf6 20. Bf3 Qf5 21. Re1 Qd7 22. Qf4 Re8 23. Rd1 Qf5 24. Qxf5 gxf5 25. Be3 Ng4 26. Bc1 Ne5 27. Be2 a6 28. Kf1 {1-0 Jackson,E (2156)-Liu,A (2285) Titled Tue 20th Feb Early chess.com INT 2024 (7)}) 14. Qd1 {[%eval 2,0]} b6 {[%eval 14,0]} 15. a4 {[%eval 13,0]} a5 {[%eval 5,0]} 16. Na3 {[%eval 4,0]} Bb7 {[%eval 5,0]} 17. Nc4 {[%eval 6,0]} Bg5 {[%eval 5,0]} 18. d6 {[%eval 7,0]} Nxd6 {[%eval 1,0]} 19. Bxg5 {[%eval 8,0]} Qxg5 {[%eval 18,0]} 20. Nxd6 {[%eval 8,0]} cxd6 {[%eval 9,0]} 21. Qxd6 {[%eval 1,0]} Bc6 {[%eval 12,0]} 22. Re1 {[%eval 9,0]} Qf6 {[%eval 34,0]} 23. Qxf6 {[%eval 35,0]} gxf6 {[%eval 41,0]} 24. b3 {[%eval 39,0]} Rb8 {[%eval 29,0]} 25. c4 {[%eval 5,0]} d5 {[%eval 5,0]} 26. Re7 {[%eval 0,0]} Rc8 {[%eval 17,0]} 27. f3 {[%eval 0,0]} dxc4 {[%eval 2,0]} 28. Bxc4 {[%eval 6,0]} Bxa4 {[%eval 4,0]} 29. Bxf7+ {[%eval 2,0]} Kf8 {[%eval 5,0]} 30. Ra7 {[%eval 4,0]} Bb5 {[%eval 5,0]} 31. h4 {[%eval 0,0]} Rc5 {[%eval 4,0]} 32. Kf2 {[%eval 5,0]} Rc2+ {[%eval 11,0]} 33. Kg3 {[%eval 7,0]} Re2 {[%eval 2,0]} 34. Rb7 {[%eval 6,0]} Bd3 {[%eval 15,0]} 35. Bc4 {[%eval 1,0]} Bxc4 {[%eval 1,0]} 36. bxc4 {[%eval 13,0]} Rc2 {[%eval 16,0]} 37. Rxb6 {[%eval 7,0]} Kg7 {[%eval 8,0]} 38. Ra6 {[%eval 6,0]} Rxc4 {[%eval 6,0]} 39. Rxa5 {[%eval 6,0]} Rc7 {[%eval 22,0]} 40. Kg4 {[%eval 4,0]} Kg6 {[%eval 7,0]} 41. h5+ {[%eval 4,0]} Kf7 {[%eval 4,0]} 42. Kf5 {[%eval 5,0]} h6 {[%eval 1,0]} 43. Kg4 {[%eval 1,0]} Rc4+ {[%eval 12,0]} 44. Kh3 {[%eval 11,0]} Rc7 {[%eval 8,0]} 45. Ra4 {[%eval 7,0]} Rb7 {[%eval 1,0]} 46. Rg4 {[%eval 9,0]} Rb5 {[%eval 1,0]} 47. Kh4 {[%eval 14,0]} Rb1 {[%eval 9,0]} 48. Ra4 {[%eval 9,0]} Rb7 {[%eval 1,0]} 49. Kg4 {[%eval 9,0]} Rc7 {[%eval 1,0]} 50. Ra5 {[%eval 9,0]} Rb7 {[%eval 4,0]} 51. Kf5 {[%eval 6,0]} Re7 {[%eval 12,0]} 52. f4 {[%eval 3,0]} Rb7 {[%eval 12,0]} 53. g3 {[%eval 13,0]} Rc7 {[%eval 14,0]} 54. Ke4 {[%eval 14,0]} Re7+ {[%eval 14,0]} 55. Kf3 {[%eval 7,0]} Kg7 {[%eval 7,0]} 56. Ra1 {[%eval 8,0]} Kf7 {[%eval 9,0]} 57. Rh1 {[%eval 5,0]} Ra7 {[%eval 3,0]} 58. Rd1 {[%eval 4,0]} Rb7 {[%eval 9,0]} 59. Ke4 {[%eval 9,0]} Re7+ {[%eval 9,0]} 60. Kf5 {[%eval 3,0]} Ra7 {[%eval 3,0]} 61. Rd5 {[%eval 3,0]} Rb7 {[%eval 3,0]} 62. Ra5 {[%eval 3,0]} Rc7 {[%eval 1,0]} 63. Ke4 {[%eval 1,0]} Re7+ {[%eval 1,0]} 64. Kf3 {[%eval 13,0]} Rb7 {[%eval 16,0]} 65. f5 {[%eval 0,0]} Rc7 {[%eval 0,0]} 66. Ke4 {[%eval 0,0]} Re7+ {[%eval 0,0]} 67. Kd4 {[%eval 0,0]} Rd7+ {[%eval 1,0]} 68. Kc5 {[%eval 1,0]} Rb7 {[%eval 2,0]} 69. g4 {[%eval 2,0]} Re7 {[%eval 2,0]} 70. Kd6 {[%eval 0,0]} Re4 {[%eval 0,0]} 71. Ra7+ {[%eval 0,0]} Kf8 {[%eval 19,0]} 72. Rb7 {[%eval 3,0]} Rxg4 {[%eval 12,0]} 73. Ke6 {[%eval 12,0]} Ra4 {[%eval 12,0]} 74. Rd7 {[%eval 12,0]} Ra1 {[%eval 12,0]} 75. Kxf6 {[%eval 12,0]} Ra6+ {[%eval 12,0]} 76. Ke5 {[%eval 13,0]} Rb6 {[%eval 13,0]} 77. Rd6 {[%eval 14,0]} Rxd6 $4 {[%eval 32730,0] Checkmate is now unavoidable. Rb2 was best.} (77... Rb2) 78. Kxd6 {[%eval 32732,0]} Kf7 {[%eval 32732,0]} 79. Ke5 {[%eval 32734,0]} Ke7 {[%eval 32734,0]} 80. f6+ {[%eval 32736,0]} Kf8 {[%eval 32736,0]} 81. Kf4 {[%eval 32738,0]} Ke8 {[%eval 32738,0]} 82. Ke4 {[%eval 32740,0]} 1-0

[Event "Norway Chess 2024"]
[Site "Stavanger, Norway"]
[Date "2024.06.01"]
[Round "9.2"]
[White "Ding, Liren"]
[Black "Nakamura, Hikaru"]
[Result "0-1"]
[WhiteElo "2762"]
[BlackElo "2794"]
[Annotator "Stockfish 16.1 - Chessbase"]
[PlyCount "108"]
[GameId "2053142232217822"]
[EventDate "2024.??.??"]

1. d4 {[%eval 14,0]} d5 {[%eval 24,0]} 2. c4 {[%eval 25,0]} c5 {[%eval 44,0]} 3. cxd5 {[%eval 45,0]} Nf6 {[%eval 55,0]} 4. Nc3 {[%eval 26,0]} Nxd5 {[%eval 18,0]} 5. Nf3 {[%eval 27,0]} cxd4 {[%eval 43,0]} 6. Qxd4 {[%eval 43,0]} Nxc3 {[%eval 36,0]} 7. Qxc3 {[%eval 46,0]} Nc6 {[%eval 4,0]} 8. e4 {[%eval 57,0]} a6 {[%eval 5,0]} 9. Be2 {[%eval 33,0]} e5 {[%eval 36,0]} 10. a3 {[%eval 13,0]} Bg4 {[%eval 32,0]} 11. O-O {[%eval 1,0]} Rc8 {[%eval 16,0]} 12. Qb3 {[%eval 14,0]} Na5 {[%eval 19,0]} 13. Qa4+ {[%eval 14,0]} b5 {[%eval 18,0]} 14. Qd1 {[%eval 17,0]} Qxd1 {[%eval 25,0]} 15. Rxd1 {[%eval 62,0]} Nb3 {[%eval 64,0]} 16. Rb1 {[%eval 62,0]} Bc5 {[%eval 38,0]} 17. Kf1 {[%eval 54,0]} f6 {[%eval 51,0]} 18. Rd3 {[%eval 51,0]} Be6 {[%eval 5,0]} 19. Nd2 {[%eval -100,0]} Nd4 {[%eval -95,0]} 20. b4 {[%eval 93,0]} Bb6 {[%eval -99,0]} 21. Bb2 {[%eval -98,0]} Nxe2 {[%eval -100,0]} 22. Kxe2 {[%eval 95,0]} Ke7 {[%eval 99,0]} 23. f3 $2 {[%eval -174,0] Mistake. Rc3 was best.} (23. Rc3 Rxc3 24. Bxc3 h5 25. Rc1 g5 26. Nf1 Bc4+ 27. Ke1 Rd8 28. Ng3 h4) 23... Rc2 $2 {[%eval 84,0] Mistake. g5 was best.} (23... g5) 24. Rc3 {[%eval 9,0]} Bc4+ {[%eval 86,0]} 25. Ke1 {[%eval -86,0]} Bf2+ {[%eval 93,0]} 26. Kd1 $2 {[%eval -147,0] Mistake. Kxf2 was best.} (26. Kxf2 Rxd2+) 26... Rxc3 {[%eval -141,0]} 27. Bxc3 {[%eval -136,0]} Rd8 {[%eval -139,0]} 28. Ra1 {[%eval -145,0]} Bf1 {[%eval -156,0]} 29. g3 {[%eval -294,0]} Be3 {[%eval -101,0]} 30. a4 {[%eval -264,0]} bxa4 {[%eval -274,0]} 31. Rxa4 {[%eval -272,0]} Bb5 {[%eval -272,0]} 32. Ra1 {[%eval -225,0]} Rd3 {[%eval -213,0]} 33. Rc1 {[%eval -213,0]} h5 {[%eval -218,0]} 34. Kc2 {[%eval -218,0]} Bxd2 {[%eval -234,0]} 35. Bxd2 {[%eval -205,0]} Rxf3 {[%eval -209,0]} 36. Re1 {[%eval -399,0]} Bc6 $6 {[%eval -133,0] Inaccuracy. h4 was best.} (36... h4 37. Re3 Rf2 38. h3 hxg3 39. Rxg3 Kf7 40. Kd1 Rh2 41. Ra3 g5 42. Kc1) 37. Re3 {[%eval -159,0]} Rf2 {[%eval -126,0]} 38. h4 {[%eval -167,0]} Ba4+ {[%eval -176,0]} 39. Kc3 $6 {[%eval -299,0] Inaccuracy. Kc1 was best.} (39. Kc1 Ke6 40. Ra3 Rf1+ 41. Kb2 Bb5 42. Kc2 g6 43. Re3 Rh1 44. Bc3 Rh2+) 39... Ke6 {[%eval -104,0]} 40. Re1 {[%eval -284,0]} Rg2 {[%eval -283,0]} 41. Re3 {[%eval -101,0]} g6 {[%eval -102,0]} 42. Be1 {[%eval -111,0]} Bb5 {[%eval -253,0]} 43. Kb3 {[%eval -262,0]} Be2 {[%eval -281,0]} 44. Bc3 {[%eval -294,0]} Rf2 {[%eval -121,0]} 45. Kc2 {[%eval -106,0]} Bg4+ {[%eval -148,0]} 46. Bd2 {[%eval -143,0]} Be2 {[%eval -175,0]} 47. Bc3 {[%eval -141,0]} Bf3+ {[%eval -1,0]} 48. Kd3 $6 {[%eval -108,0] Inaccuracy. Bd2 was best.} (48. Bd2 Kd6 49. Kc1 Rf1+ 50. Kc2 Bd1+ 51. Kb2 Ke6 52. Rc3 Ba4 53. Bh6 Re1) 48... Bg2 {[%eval -122,0]} 49. Re1 {[%eval -259,0]} g5 {[%eval -106,0]} 50. Bd2 {[%eval -272,0]} gxh4 {[%eval -289,0]} 51. gxh4 {[%eval -293,0]} Bf1+ {[%eval -300,0]} 52. Kc3 $6 {[%eval -356,0] Inaccuracy. Ke3 was best.} (52. Ke3 Rf4 53. Ra1 Bb5 54. Be1 Kd7 55. Ra5 Bc6 56. Rxa6 Rxe4+ 57. Kf2 Rxh4) 52... Be2 {[%eval -397,0]} 53. Be3 {[%eval -348,0]} Rh2 {[%eval -361,0]} 54. Bc5 {[%eval -331,0]} Bb5 {[%eval -342,0]} 0-1

[Event "Norway Chess 2024"]
[Site "Stavanger, Norway"]
[Date "2024.06.01"]
[Round "9.3"]
[White "Praggnanandhaa R"]
[Black "Caruana, Fabiano"]
[Result "1-0"]
[WhiteElo "2747"]
[BlackElo "2805"]
[Annotator "Stockfish 16.1 - Chessbase"]
[PlyCount "153"]
[GameId "2053142232221919"]
[EventDate "2024.??.??"]

1. d4 {[%eval 14,0]} Nf6 {[%eval 17,0]} 2. c4 {[%eval 21,0]} e6 {[%eval 21,0]} 3. Nf3 {[%eval 12,0]} d5 {[%eval 15,0]} 4. g3 {[%eval 15,0]} Be7 {[%eval 26,0]} 5. Bg2 {[%eval 16,0]} O-O {[%eval 25,0]} 6. O-O {[%eval 18,0]} dxc4 {[%eval 19,0]} 7. Qa4 {[%eval 16,0]} a6 {[%eval 15,0]} 8. Qxc4 {[%eval 17,0]} b5 {[%eval 26,0]} 9. Qc2 {[%eval 23,0]} Bb7 {[%eval 23,0]} 10. Bf4 {[%eval 15,0]} Nc6 {[%eval 12,0]} 11. Nbd2 {[%eval 7,0]} Nxd4 $146 {[%eval 0,0]} ({RR} 11... Nd5 12. Rfd1 Ncb4 13. Qc1 Rc8 14. Nb3 Nxf4 15. Qxf4 Bd6 16. Qd2 Qe7 17. a3 Bd5 18. Qc3 Nc6 19. Nfd2 Bxg2 20. Kxg2 Nb8 21. Nf3 Nd7 22. Rac1 Nb6 23. Nc5 Ra8 24. e4 Rfc8 25. Nd3 Qd8 26. Qc6 {½-½ Dubov,D (2707)-Maletin,P (2575) TCh-RUS Premier 2024 Sochi RUS (2.2)}) 12. Nxd4 {[%eval 4,0]} Bxg2 {[%eval 0,0]} 13. Nxe6 {[%eval 0,0]} fxe6 {[%eval 0,0]} 14. Kxg2 {[%eval 1,0]} Nd5 {[%eval 15,0]} 15. Be5 {[%eval 18,0]} c5 {[%eval 7,0]} 16. Nf3 {[%eval 13,0]} Qe8 {[%eval 26,0]} 17. Rad1 {[%eval 4,0]} Qh5 {[%eval 1,0]} 18. Qe4 {[%eval 6,0]} Rad8 {[%eval 3,0]} 19. a4 {[%eval 0,0]} Qf5 {[%eval 0,0]} 20. Qxf5 {[%eval 0,0]} exf5 {[%eval 0,0]} 21. axb5 {[%eval 0,0]} axb5 {[%eval 0,0]} 22. Ra1 {[%eval 0,0]} Ra8 {[%eval 6,0]} 23. Rfd1 {[%eval 5,0]} Nf6 {[%eval 13,0]} 24. b3 {[%eval 4,0]} Ne4 {[%eval 3,0]} 25. Rd7 {[%eval 1,0]} Bf6 {[%eval 4,0]} 26. Bxf6 {[%eval 4,0]} Nxf6 {[%eval 5,0]} 27. Rxa8 {[%eval 5,0]} Rxa8 {[%eval 8,0]} 28. Rc7 {[%eval 7,0]} Ne4 {[%eval 8,0]} 29. Ne5 {[%eval 2,0]} Re8 {[%eval 42,0]} 30. Nd3 {[%eval 51,0]} Nd2 {[%eval 55,0]} 31. Rxc5 {[%eval 32,0]} Nxb3 {[%eval 31,0]} 32. Rxf5 {[%eval 32,0]} Nd4 {[%eval 27,0]} 33. Rd5 {[%eval 3,0]} Nxe2 {[%eval 31,0]} 34. Rxb5 {[%eval 3,0]} Nc3 {[%eval 37,0]} 35. Rb7 {[%eval 25,0]} Nd5 {[%eval 33,0]} 36. Rd7 {[%eval 28,0]} Nf6 {[%eval 26,0]} 37. Ra7 {[%eval 25,0]} Kf8 {[%eval 3,0]} 38. Kf3 {[%eval 33,0]} Re7 {[%eval 32,0]} 39. Rxe7 {[%eval 33,0]} Kxe7 {[%eval 25,0]} 40. Nc5 {[%eval 29,0]} Kf7 {[%eval 34,0]} 41. Kf4 {[%eval 33,0]} Nd5+ {[%eval 32,0]} 42. Ke5 {[%eval 3,0]} Ne7 {[%eval 43,0]} 43. h4 {[%eval 33,0]} Nc6+ {[%eval 28,0]} 44. Ke4 {[%eval 28,0]} h6 {[%eval 4,0]} 45. g4 {[%eval 58,0]} Ne7 {[%eval 52,0]} 46. Nd3 {[%eval 45,0]} Kf6 {[%eval 5,0]} 47. Nf4 {[%eval 46,0]} g5 {[%eval 49,0]} 48. hxg5+ {[%eval 5,0]} Kxg5 {[%eval 51,0]} 49. f3 {[%eval 5,0]} Nc6 {[%eval 52,0]} 50. Ne6+ {[%eval 14,0]} Kf6 {[%eval 26,0]} 51. Nd4 {[%eval 42,0]} Ne5 {[%eval 52,0]} 52. Kf4 {[%eval 53,0]} Nd3+ {[%eval 0,0]} 53. Ke3 {[%eval 0,0]} Ne5 {[%eval 5,0]} 54. Kf4 {[%eval 1,0]} Nd3+ {[%eval 25,0]} 55. Kg3 {[%eval 23,0]} Ne1 {[%eval 23,0]} 56. f4 {[%eval 25,0]} Nd3 {[%eval 32,0]} 57. Nf3 {[%eval 25,0]} Nb4 {[%eval 25,0]} 58. Nd2 {[%eval 21,0]} Nd5 {[%eval 18,0]} 59. Ne4+ {[%eval 28,0]} Ke6 {[%eval 38,0]} 60. Kf3 {[%eval 31,0]} Ne7 {[%eval 31,0]} 61. Ng3 {[%eval 31,0]} Kd5 {[%eval 34,0]} 62. Ke3 {[%eval 39,0]} Ke6 {[%eval 4,0]} 63. Kd4 {[%eval 43,0]} Kf6 {[%eval 41,0]} 64. Ke4 {[%eval 41,0]} Ke6 {[%eval 47,0]} 65. Ne2 {[%eval 21,0]} Ng8 {[%eval 24,0]} 66. Nd4+ {[%eval 13,0]} Kf6 $4 {[%eval 531,0] Blunder. Kf7 was best.} (66... Kf7) 67. Nf5 {[%eval 518,0]} Ke6 {[%eval 568,0]} 68. Kd4 {[%eval 557,0]} Kf6 {[%eval 623,0]} 69. Nxh6 {[%eval 577,0]} Ne7 {[%eval 571,0]} 70. Ke4 {[%eval 634,0]} Kg6 {[%eval 631,0]} 71. g5 {[%eval 611,0]} Kh5 {[%eval 569,0]} 72. Nf7 {[%eval 507,0]} Ng6 {[%eval 751,0]} 73. Kf5 {[%eval 632,0]} Ne7+ {[%eval 811,0]} 74. Ke6 {[%eval 755,0]} Nc6 {[%eval 758,0]} 75. f5 {[%eval 787,0]} Nd4+ {[%eval 1006,0]} 76. Kf6 {[%eval 834,0]} Kg4 {[%eval 835,0]} 77. Nd6 {[%eval 933,0]} 1-0

[Event "Norway Chess 2024"]
[Site "Stavanger, Norway"]
[Date "2024.06.02"]
[Round "11.2"]
[White "Firouzja, Alireza"]
[Black "Praggnanandhaa R"]
[Result "1/2-1/2"]
[WhiteElo "2737"]
[BlackElo "2747"]
[Annotator "Stockfish 16.1 - Chessbase"]
[PlyCount "68"]
[GameId "2053142232230114"]
[EventDate "2024.??.??"]

1. d4 {[%eval 14,0]} d5 {[%eval 24,0]} 2. c4 {[%eval 25,0]} dxc4 {[%eval 3,0]} 3. Nf3 {[%eval 25,0]} Nf6 {[%eval 36,0]} 4. e3 {[%eval 18,0]} b5 {[%eval 42,0]} 5. a4 {[%eval 38,0]} c6 {[%eval 37,0]} 6. axb5 {[%eval 42,0]} cxb5 {[%eval 44,0]} 7. b3 {[%eval 33,0]} e6 {[%eval 39,0]} 8. bxc4 {[%eval 45,0]} bxc4 {[%eval 38,0]} 9. Bxc4 {[%eval 46,0]} Bd6 {[%eval 33,0]} 10. Nbd2 $146 {[%eval 36,0]} ({RR} 10. O-O O-O 11. Nbd2 Bb7 12. Bd3 Nc6 13. Ba3 Nb4 14. Bb1 a5 15. e4 Be7 16. Qb3 Qb6 17. e5 Nfd5 18. Nc4 Qb5 19. Nd6 Bxd6 20. exd6 Nf4 21. Re1 Qh5 22. Re5 Qg4 23. Ne1 Nxg2 24. h3 Qxd4 {½-½ Roshka,Y (2474)-Lucas,A (2338) 22nd Rochefort Open 2024 Rochefort FRA (5.4)}) 10... O-O {[%eval 32,0]} 11. e4 {[%eval 0,0]} Bb4 {[%eval 28,0]} 12. O-O {[%eval 6,0]} Nc6 {[%eval 28,0]} 13. e5 {[%eval 33,0]} Nd5 {[%eval 24,0]} 14. Bd3 {[%eval 23,0]} Be7 {[%eval 23,0]} 15. Ne4 {[%eval 24,0]} a5 {[%eval 23,0]} 16. Re1 {[%eval 23,0]} Ncb4 $6 {[%eval 115,0] Inaccuracy. Ba6 was best.} (16... Ba6 17. Bb1 Qb6 18. Bg5 h6 19. Bxe7 Ncxe7 20. Qc2 Rfc8 21. Nc5 Ng6 22. Qd2) 17. Bb1 {[%eval 118,0]} h6 {[%eval 124,0]} 18. h3 {[%eval 137,0]} Ra6 {[%eval 114,0]} 19. Ra3 {[%eval 96,0]} Nc6 {[%eval 105,0]} 20. Nc5 {[%eval 67,0]} Rb6 {[%eval 81,0]} 21. Qc2 {[%eval 68,0]} Rxb1 {[%eval 88,0]} 22. Qxb1 {[%eval 96,0]} Nxd4 {[%eval 8,0]} 23. Nxd4 {[%eval 75,0]} Bxc5 {[%eval 101,0]} 24. Nc6 {[%eval 73,0]} Qc7 {[%eval 69,0]} 25. Rg3 {[%eval 64,0]} Kh8 {[%eval 81,0]} 26. Qb5 {[%eval 9,0]} Qb6 {[%eval 75,0]} 27. Qxb6 {[%eval 83,0]} Bxb6 {[%eval 69,0]} 28. Bd2 {[%eval 62,0]} a4 {[%eval 67,0]} 29. Nb4 {[%eval 22,0]} Bb7 {[%eval 21,0]} 30. Rb1 {[%eval 16,0]} Bc7 {[%eval 26,0]} 31. Ra3 {[%eval 13,0]} Ra8 {[%eval 18,0]} 32. Nxd5 {[%eval 17,0]} Bxd5 {[%eval 18,0]} 33. Rb4 {[%eval 2,0]} Bxe5 {[%eval 16,0]} 34. Rbxa4 {[%eval 9,0]} Rc8 {[%eval 5,0]} 1/2-1/2